Online katalóg knižníc regiónu Turca

Denník Mórica A. Beňovského / (Record no. 20488)

MARC details
000 -LEADER
fixed length control field 01011nam a2200301 4500
001 - CONTROL NUMBER
control field 20488
003 - CONTROL NUMBER IDENTIFIER
control field CZ PrNK
005 - DATE AND TIME OF LATEST TRANSACTION
control field 20260123104837.0
007 - PHYSICAL DESCRIPTION FIXED FIELD--GENERAL INFORMATION
fixed length control field tu
008 - FIXED-LENGTH DATA ELEMENTS--GENERAL INFORMATION
fixed length control field 931025s1966 xo |0|0 0 slo
020 ## - INTERNATIONAL STANDARD BOOK NUMBER
Qualifying information (Váz.)
040 ## - CATALOGING SOURCE
Original cataloging agency ABA001
Language of cataloging cze
Modifying agency ABA001
041 1# - LANGUAGE CODE
Language code of text/sound track or separate title slo
Language code of original ger
100 1# - MAIN ENTRY--PERSONAL NAME
Personal name Beniowski, Maurycy August,
Dates associated with a name 1741-1786
Relationship aut
245 10 - TITLE STATEMENT
Title Denník Mórica A. Beňovského /
Statement of responsibility, etc. Maurycy August Beniowski ; výber zostavil Jozef Watzka ; z nemeckého vydánie preložil Anton Špiesz ; doslov napísal Rudolf Skukálek
250 ## - EDITION STATEMENT
Edition statement 1. vyd.
260 ## - PUBLICATION, DISTRIBUTION, ETC.
Place of publication, distribution, etc. Bratislava :
Name of publisher, distributor, etc. Tatran,
Date of publication, distribution, etc. 1966
300 ## - PHYSICAL DESCRIPTION
Extent 244 s. ;
Dimensions 20 cm
490 1# - SERIES STATEMENT
Series statement Pamäti a dokumenty ;
Volume/sequential designation zv. 23
500 ## - GENERAL NOTE
General note Přeloženo z němčiny
700 1# - ADDED ENTRY--PERSONAL NAME
Personal name Skukálek, Rudolf,
Dates associated with a name 1931-2008
Relationship aui
700 1# - ADDED ENTRY--PERSONAL NAME
Personal name Watzka, Jozef
Relationship com
700 1# - ADDED ENTRY--PERSONAL NAME
Personal name Špiesz, Anton,
Dates associated with a name 1930-1993
Relationship trl
765 0# - ORIGINAL LANGUAGE ENTRY
Title Des Grafen Moritz August von Benyowsky : Schicksale und Reisen
830 #0 - SERIES ADDED ENTRY--UNIFORM TITLE
Uniform title Pamäti a dokumenty
910 ## - USER-OPTION DATA (OCLC)
User-option data ABA001
942 ## - ADDED ENTRY ELEMENTS (KOHA)
Source of classification or shelving scheme Dewey Decimal Classification
Koha item type Krásna literatúra pre dospelých
Suppress in OPAC No
Holdings
Stav vyradenia Strata Poškodenie Spôsob nadobudnutia Domovská knižnica Aktuálna knižnica Dátum nadobudnutia Total checkouts Čiarový kód exemplára Date last seen Typ exemplára
      Dar Obecná knižnica Horná Štubňa Obecná knižnica Horná Štubňa 23.01.2026   4736200476 23.01.2026 Krásna literatúra pre dospelých
Projekt je podporený Slovenskou asociáciou knižníc
Prevádzkuje Turčianska knižnica Martin 2026